00805nam a2200229 i 450000100060000000300090000600500170001500700030003200800410003502000180007608000190009410000410011324500780015426000340023230000220026649000330028870000410032183000410036285200330040399900170043695201220045314916ES-MaACL20250802101657.0t|991118s1998 sp ||||1| spa d a84-264-1258-0 a821.111-31"19"1 aWoolf, Virginia, d1882-1941924017913aLa señora Dalloway / cVirginia Woolf ; traducción de Andrés Bosch. aBarcelona : bLumen, c[1998] a250 p. ; c23 cm.1 aPalabra en el tiempo ; v2581 aBosch, Andrés, d1926-198491601820 aPalabra en el tiempo ; v2589177857 aES-MaACLjL-22172 bR.127565 c14916d14916 00104070aATENEOMbATENEOMcDEPO2d2008-01-17eSCl0oL-22172p1015167r2023-02-23 00:00:00w2023-02-23yMONOGRAFIA